Statistics for 3-Letter Words Within Country Names

Click here to take the quiz!

General Stats

  • This quiz has been taken 52 times
  • The average score is 9 of 20

Answer Stats

WordCountry% Correct
MoaSamoa
84%
WayNorway
80%
WitSwitzerland
74%
KeyTurkey
74%
RooCameroon
66%
HadChad
58%
HutBhutan
54%
OldMoldova
50%
LipPhilippines
48%
GasMadagascar
40%
OatCroatia
38%
LawMalawi
38%
RugUruguay
30%
BatKiribati
28%
BadBarbados
26%
BagTrinidad and Tobago
26%
TugPortugal
24%
BudAntigua and Barbuda
22%
HamBahamas
18%
OurLuxembourg
16%

Score Distribution

Percentile by Number Answered

Percent of People with Each Score

Your Score History

You have not taken this quiz